Just - in - Time : Výrobná filozofia pre dobrý management /

Gespeichert in:
Bibliographische Detailangaben
Hauptverfasser: Košturiak, Ján, 1961- (Verfasst von), Gregor, Milan (Verfasst von)
Format: Buch
Sprache:Slowakisch
Veröffentlicht: Bratislava : Elita, 1994
Tags: Tag hinzufügen
Keine Tags, Fügen Sie das erste Tag hinzu!

MARC

LEADER 00000nam a22000003a 4500
001 stu27784
005 20150617225741.4
008 950112s1994----xo------------------slo-d
020 |a 80-85323-64-8 
040 |a STU  |b slo 
041 0 |a slo 
044 |a xo 
080 |a 658.1 
100 1 |a Košturiak, Ján,  |d 1961-  |4 aut  |u M190  |U MTF Materiálovotechnologická fakulta  |T MTF Katedra priemyselného inžinierstva a manažmentu  |X 65418  |U M190  |Y 167  |7 A000065418 
245 1 |a Just - in - Time :  |b Výrobná filozofia pre dobrý management /  |c [aut]Gregor,Milan;Košturiak,Ján 
260 |a Bratislava :  |b Elita,  |c 1994 
300 |a 299 s 
700 1 |a Gregor, Milan  |4 aut 
996 |b 284V001815  |c V*43064/O-18542a  |l VVS  |s A  |a 24  |w stu27784_0002